| 000 | 01123cam a2200229 4500 | ||
|---|---|---|---|
| 001 | ##L135601 | ||
| 008 | 061114n2006 000 0 eng u | ||
| 020 |
_a18526194141 _a9781852619411 |
||
| 035 | _a(Sirsi) u135601 | ||
| 041 | 0 | _aeng | |
| 050 | 0 | 4 | _a333.72 $2 18 |
| 110 | 2 |
_aErnst and Young _93056 |
|
| 245 | 0 | 0 |
_aInvesting in London's low carbon future _bsummary report _h[electronic resource] |
| 260 |
_aLondon _bLondon Energy Partnership _c2006 |
||
| 520 | _aIdentifies various delivery mechanisms to generate the £8bn investment required to deliver London's carbon reduction targets. These include the low intervention route, microgeneration and energy efficiency technologies and medium to large projects (including CHP). Also outlines actions for the London Energy Partnership. | ||
| 590 | _aKA | ||
| 651 | 4 | _aLONDON | |
| 690 | _aENVIRONMENTAL AND LAND CONSULTANCY-ENERGY-ENERGY USE-ENERGY EFFICIENCY | ||
| 710 | 2 |
_aLondon Energy Partnership _95082 |
|
| 856 | 4 | 0 |
_uhttps://www.lep.org.uk/uploads/investing_in_londons_low_carbon_future.pdf _zView the report free of charge at www.london.gov.uk |
| 942 | _n0 | ||
| 999 |
_c106105 _d106105 |
||